Visualizzazione normale
Vista MARC
- Golde Franne
di Personal Name
Records bibliografici associati: 1
001 - CONTROL NUMBER
- control field: 22642
003 - CONTROL NUMBER IDENTIFIER
- control field: IT-RoPau
005 - DATE AND TIME OF LATEST TRANSACTION
- control field: 20140428150516.0
008 - FIXED-LENGTH DATA ELEMENTS
- fixed length control field: 140428|| aca||aabn | a|a d
040 ## - CATALOGING SOURCE
- Original cataloging agency: IT-RoPau
- Transcribing agency: IT-RoPau
100 ## - HEADING--PERSONAL NAME
- Personal name: Golde Franne
- Dates associated with a name: Codice autore testo/musica SPICS: 19943
- Relator term: Autore testo/musica
- Name of part/section of a work: Destination Unknown
670 ## - SOURCE DATA FOUND
- Source citation: Work cat.: (IT-RoPau)101485: AA.VV. 794, Top Gun